[Event "Plzen, FSB A"]
[Site "?"]
[Date "2004.??.??"]
[Round "3.38"]
[White "Ionica, I."]
[Black "Drahorad, D."]
[Result "1-0"]
[WhiteElo "2264"]
[BlackElo "1977"]
[PlyCount "53"]
[EventDate "2004.??.??"]
[Source "ChessBase"]
[SourceDate "1996.11.15"]

1. e4 d5 2. exd5 Qxd5 3. Nc3 Qa5 4. d4 e5 5. dxe5 Bb4 6. Bd2 Qxe5+ 7. Be2 Bg4
8. h3 Bxe2 9. Ngxe2 Nc6 10. a3 Ba5 11. b4 Bb6 12. Bf4 Qe6 13. O-O Rd8 14. Qc1
Nge7 15. Re1 O-O 16. Na4 Qd7 17. Nxb6 cxb6 18. Qb2 Rfe8 19. Ng3 Ng6 20. Be3
Nce5 21. Qb3 Nh4 22. Bg5 Nef3+ 23. gxf3 Qxh3 24. Bxh4 Qxh4 25. Rxe8+ Rxe8 26.
Qd5 h6 27. Rd1 1-0

[Event "Plzen, FSB A"]
[Site "?"]
[Date "2004.??.??"]
[Round "3.39"]
[White "Kalista, K."]
[Black "Hyrs, M."]
[Result "1-0"]
[WhiteElo "2019"]
[BlackElo "2108"]
[PlyCount "73"]
[EventDate "2004.??.??"]
[Source "ChessBase"]
[SourceDate "1996.11.15"]

1. d4 d5 2. c4 e6 3. Nc3 Nf6 4. Bg5 Nbd7 5. Nf3 Be7 6. e3 O-O 7. Rc1 a6 8. c5
c6 9. b4 a5 10. b5 e5 11. Be2 Re8 12. O-O exd4 13. exd4 Ne4 14. Bf4 Bf6 15.
Nxe4 Rxe4 16. Qd2 Re8 17. Bd3 Nf8 18. Ne5 Ng6 19. bxc6 Nxe5 20. cxb7 Bxb7 21.
dxe5 Bxe5 22. c6 Ba6 23. Bxa6 Rxa6 24. c7 Qc8 25. Rfe1 Rae6 26. Bxe5 Rxe5 27.
Rxe5 Rxe5 28. Qxa5 h6 29. g3 Re7 30. Qb6 Kf8 31. Qb8 Re8 32. Qxc8 Rxc8 33. Kf1
Ke7 34. Ke2 Kd6 35. Kd3 Rxc7 36. Rxc7 Kxc7 37. Kd4 1-0

[Event "Plzen, FSB A"]
[Site "?"]
[Date "2004.??.??"]
[Round "3.40"]
[White "Vojir jr., V."]
[Black "Reitinger, P."]
[Result "0-1"]
[WhiteElo "1863"]
[BlackElo "2090"]
[PlyCount "102"]
[EventDate "2004.??.??"]
[Source "ChessBase"]
[SourceDate "1996.11.15"]

1. d4 f5 2. Bf4 Nf6 3. e3 g6 4. h3 d6 5. Nf3 Bg7 6. c3 c6 7. Nbd2 O-O 8. Bc4+
e6 9. O-O Qe7 10. a4 h6 11. Qc2 Kh7 12. Kh1 Nbd7 13. b4 e5 14. Bh2 e4 15. Ng1
Nb6 16. Be2 Bd7 17. a5 Nbd5 18. Nc4 Ne8 19. Qd2 Ndc7 20. f3 Be6 21. fxe4 fxe4
22. Rxf8 Bxf8 23. Rf1 Bxc4 24. Bxc4 d5 25. Be2 Nd6 26. Be5 Bg7 27. Bh2 Rf8 28.
Bxd6 Qxd6 29. Rxf8 Bxf8 30. Qe1 Qf6 31. Qf1 Be7 32. Qf4 Qxf4 33. exf4 h5 34. g3
b6 35. axb6 axb6 36. Kg2 c5 37. bxc5 bxc5 38. Bd1 Kg7 39. Ne2 h4 40. g4 Kf6 41.
Kf2 Ne6 42. Ke3 Bd6 43. Bb3 g5 44. f5 Bf4+ 45. Kf2 Nc7 46. dxc5 Bd2 47. c4 Bb4
48. cxd5 Bxc5+ 49. Ke1 Ke5 50. Nc3 Bb4 51. Kd2 Nb5 0-1

[Event "Plzen, FSB A"]
[Site "?"]
[Date "2004.??.??"]
[Round "3.41"]
[White "Malec, J."]
[Black "Zimmer, C."]
[Result "1-0"]
[WhiteElo "2079"]
[BlackElo "2020"]
[PlyCount "83"]
[EventDate "2004.??.??"]
[Source "ChessBase"]
[SourceDate "1996.11.15"]

1. d4 d5 2. Nf3 a6 3. Bf4 Nf6 4. e3 Bg4 5. h3 Bh5 6. Be2 e6 7. Nbd2 c5 8. O-O
Nc6 9. Rc1 Qb6 10. dxc5 Bxc5 11. c4 O-O 12. Nb3 Be7 13. c5 Qd8 14. Nfd4 Nxd4
15. exd4 Bxe2 16. Qxe2 Qd7 17. Rc2 Qa4 18. Qd3 Rfc8 19. Nc1 Nd7 20. b3 Qc6 21.
b4 Nb8 22. Ne2 Qd7 23. Qb3 Nc6 24. Rd1 Bf6 25. Be3 Qd8 26. Nc3 Qd7 27. Na4 Bd8
28. Nb2 g5 29. a4 h6 30. f4 f6 31. Rf2 Bc7 32. b5 axb5 33. axb5 Ne7 34. b6 Bxf4
35. Bxf4 gxf4 36. Rxf4 Kf7 37. Qf3 Ng8 38. Nd3 Ke7 39. Ne5 Qa4 40. Qg4 Re8 41.
Qg7+ Kd8 42. Qc7# 1-0

[Event "Plzen, FSB A"]
[Site "?"]
[Date "2004.??.??"]
[Round "3.42"]
[White "Ondrejat, M."]
[Black "Jina, L."]
[Result "1/2-1/2"]
[WhiteElo "2072"]
[BlackElo "1943"]
[PlyCount "56"]
[EventDate "2004.??.??"]
[Source "ChessBase"]
[SourceDate "1996.11.15"]

1. e4 c5 2. Nf3 Nc6 3. d4 cxd4 4. Nxd4 e6 5. Nc3 a6 6. Be3 Nf6 7. g3 Be7 8. Bg2
O-O 9. O-O Qc7 10. Qe2 d6 11. Rad1 Bd7 12. h3 Rac8 13. Kh2 b5 14. a3 Ne5 15.
Bc1 Nc4 16. Nb1 Ne5 17. f4 Nc6 18. Nc3 Nxd4 19. Rxd4 Bc6 20. Rfd1 Rfd8 21. R4d3
Ne8 22. Be3 Qb7 23. Bd4 b4 24. axb4 Qxb4 25. Qe3 Qb7 26. R3d2 Rb8 27. b3 Rdc8
28. e5 Bxg2 1/2-1/2

[Event "Plzen, FSB A"]
[Site "?"]
[Date "2004.??.??"]
[Round "3.43"]
[White "Voglova, E."]
[Black "Spiesberger, G."]
[Result "1/2-1/2"]
[WhiteElo "1988"]
[BlackElo "2070"]
[PlyCount "35"]
[EventDate "2004.??.??"]
[Source "ChessBase"]
[SourceDate "1996.11.15"]

1. d4 d5 2. c4 c6 3. Nf3 Nf6 4. Nc3 e6 5. cxd5 exd5 6. Bg5 Be7 7. e3 Bf5 8. Bd3
Bxd3 9. Qxd3 Nbd7 10. O-O O-O 11. Rab1 Ne4 12. Bxe7 Qxe7 13. b4 a6 14. a4 b5
15. Qc2 Nd6 16. Nd2 Nb6 17. a5 Nbc4 18. Qa2 1/2-1/2

[Event "Plzen, FSB A"]
[Site "?"]
[Date "2004.??.??"]
[Round "3.44"]
[White "Steinhauser, D."]
[Black "Vladyka, V."]
[Result "1/2-1/2"]
[WhiteElo "1753"]
[BlackElo "2048"]
[PlyCount "68"]
[EventDate "2004.??.??"]
[Source "ChessBase"]
[SourceDate "1996.11.15"]

1. e4 c5 2. Nf3 Nc6 3. d4 cxd4 4. Nxd4 Nf6 5. Nc3 e5 6. Ndb5 d6 7. Bg5 a6 8.
Bxf6 gxf6 9. Na3 b5 10. Nd5 Be6 11. c3 Be7 12. Be2 O-O 13. Nc2 f5 14. exf5 Bxf5
15. Nce3 Be6 16. Bf3 Rc8 17. O-O f5 18. Re1 Kh8 19. Qd2 f4 20. Nc2 Qe8 21. Ncb4
Nxb4 22. Nxb4 a5 23. Nd5 Qf7 24. Rad1 Bxd5 25. Bxd5 Qg6 26. Be4 Qg8 27. a3 Rfd8
28. Bd5 Qg6 29. Qe2 Rb8 30. Rd3 Bf8 31. Rh3 Rd7 32. Bc6 Rg7 33. Qf3 Qg4 34.
Qxg4 Rxg4 1/2-1/2

[Event "Plzen, FSB A"]
[Site "?"]
[Date "2004.??.??"]
[Round "3.45"]
[White "Vinklarek, O."]
[Black "Fiala, J."]
[Result "1/2-1/2"]
[WhiteElo "2044"]
[BlackElo "1914"]
[PlyCount "29"]
[EventDate "2004.??.??"]
[Source "ChessBase"]
[SourceDate "1996.11.15"]

1. e4 e5 2. Nc3 Nc6 3. f4 exf4 4. Nf3 g5 5. Bc4 g4 6. d4 gxf3 7. Bxf4 d6 8.
Qxf3 Nxd4 9. Qf2 Ne6 10. O-O Bg7 11. Rad1 Ne7 12. Bxd6 O-O 13. Ba3 Bd7 14. Rd3
c5 15. Bxc5 1/2-1/2

[Event "Plzen, FSB A"]
[Site "?"]
[Date "2004.??.??"]
[Round "3.46"]
[White "Vojir sr., V."]
[Black "Cecil, P."]
[Result "1/2-1/2"]
[WhiteElo "1721"]
[BlackElo "2042"]
[PlyCount "99"]
[EventDate "2004.??.??"]
[Source "ChessBase"]
[SourceDate "1996.11.15"]

1. e4 e6 2. Nf3 b6 3. d4 Bb7 4. Bd3 c5 5. c3 Qc7 6. O-O d6 7. Bf4 Nd7 8. Bg3 e5
9. d5 Be7 10. Nbd2 Ngf6 11. h3 Nh5 12. c4 Nxg3 13. fxg3 O-O-O 14. a3 g6 15. b4
Rdf8 16. b5 f5 17. a4 h5 18. Nh4 Bxh4 19. gxh4 f4 20. Nf3 Rfg8 21. a5 Nf8 22.
Ng5 Kd8 23. axb6 axb6 24. Ra7 Ke7 25. Rf2 Nh7 26. Ne6 Qd7 27. Rfa2 Ra8 28. Rxa8
Rxa8 29. Rxa8 Bxa8 30. Qa4 Qb7 31. Nc7 Qxc7 32. Qxa8 Nf8 33. Kf2 Qd8 34. Qxd8+
Kxd8 35. Be2 Nh7 36. Bf3 Ke7 37. g4 fxg3+ 38. Kxg3 Kf6 39. Be2 Kg7 40. Bf3 Kh6
41. Bg2 Nf8 42. Bf3 g5 43. hxg5+ Kxg5 44. h4+ Kh6 45. Be2 Ng6 46. Bf1 Nf8 47.
Be2 Nh7 48. Bd1 Nf6 49. Bf3 Kg6 50. Kh3 1/2-1/2

[Event "Plzen, FSB A"]
[Site "?"]
[Date "2004.??.??"]
[Round "3.47"]
[White "Fruehauf, N."]
[Black "Steinhauser, F."]
[Result "1-0"]
[WhiteElo "2097"]
[BlackElo "1775"]
[PlyCount "95"]
[EventDate "2004.??.??"]
[Source "ChessBase"]
[SourceDate "1996.11.15"]

1. e4 c5 2. Nf3 d6 3. Bb5+ Bd7 4. Bxd7+ Nxd7 5. c4 g6 6. Nc3 Bg7 7. O-O Ngf6 8.
Re1 Ng4 9. d3 O-O 10. Rb1 e6 11. Bg5 Qb6 12. Qd2 Qc6 13. h3 Nge5 14. Nh2 f5 15.
f4 Nf7 16. Be7 Rfe8 17. Bh4 fxe4 18. dxe4 e5 19. Nd5 exf4 20. Qxf4 Be5 21. Qd2
Nb6 22. Ne7+ Rxe7 23. Bxe7 Nxc4 24. Qc1 Bd4+ 25. Kh1 Nce5 26. Qd1 Qb5 27. Qe2
Nd3 28. Rf1 Re8 29. Bh4 d5 30. Rxf7 Kxf7 31. Rf1+ Kg7 32. a4 Qa6 33. Qg4 Qe6
34. Qg3 Ne5 35. Qf4 Bxb2 36. exd5 Qxd5 37. Bf6+ Kg8 38. Qh6 Qd7 39. Re1 Re6 40.
Qh4 Bc3 41. Rf1 Qd6 42. Bxe5 Rxe5 43. Qc4+ Kg7 44. Qxc3 Qd4 45. Qf3 Qd6 46.
Qf7+ Kh8 47. Ng4 Re6 48. Nh6 1-0

[Event "Plzen, FSB A"]
[Site "?"]
[Date "2004.??.??"]
[Round "3.48"]
[White "Pahorecky, J."]
[Black "Hejl, J."]
[Result "0-1"]
[WhiteElo "1946"]
[BlackElo "2081"]
[PlyCount "96"]
[EventDate "2004.??.??"]
[Source "ChessBase"]
[SourceDate "1996.11.15"]

1. e4 c5 2. Nf3 d6 3. d4 cxd4 4. Nxd4 Nf6 5. Nc3 a6 6. Bg5 e6 7. f4 Be7 8. Qf3
Nbd7 9. O-O-O Qc7 10. Be2 b5 11. a3 Bb7 12. Rhg1 Nc5 13. Bd3 h6 14. Bxf6 Bxf6
15. Bxb5+ axb5 16. Ndxb5 Qb8 17. Nxd6+ Ke7 18. Nxb7 Qxb7 19. e5 Qxf3 20. exf6+
gxf6 21. gxf3 Rab8 22. Rd2 Rb7 23. b4 Nd7 24. Kb2 f5 25. Rdg2 Rc8 26. Rg8 Rc4
27. R1g2 Rxf4 28. R8g3 Ne5 29. Rf2 Ra7 30. Kb3 Nc4 31. Nb1 e5 32. a4 Nd6 33.
Re2 Ke6 34. Nc3 Rb7 35. b5 Rc7 36. b6 Rcc4 37. a5 Rb4+ 38. Ka2 Rfc4 39. Nd1
Ra4+ 40. Kb1 Rcb4+ 41. Nb2 Rxa5 42. c3 Rxb6 43. Kc2 Ra2 44. Kc1 Rb3 45. Rc2 Nb5
46. Rh3 Na3 47. Rxh6+ f6 48. Rh8 Nxc2 0-1

[Event "Plzen, FSB A"]
[Site "?"]
[Date "2004.??.??"]
[Round "3.49"]
[White "Snaidr, J."]
[Black "Simunek, F."]
[Result "1/2-1/2"]
[WhiteElo "2063"]
[BlackElo "1877"]
[PlyCount "66"]
[EventDate "2004.??.??"]
[Source "ChessBase"]
[SourceDate "1996.11.15"]

1. d4 Nf6 2. c4 g6 3. Nc3 d5 4. Bf4 Bg7 5. Nf3 O-O 6. e3 c5 7. dxc5 Qa5 8. Rc1
dxc4 9. Bxc4 Qxc5 10. Qe2 Bg4 11. Bb3 Nc6 12. O-O Qh5 13. h3 Bxf3 14. Qxf3 Qxf3
15. gxf3 Na5 16. Ba4 Nc4 17. Rc2 a6 18. Bb3 Na5 19. Bd5 Rac8 20. Rfc1 Rfd8 21.
b4 Nc6 22. Bxc6 Rxc6 23. Na4 Rxc2 24. Rxc2 h5 25. Be5 Rd1+ 26. Kg2 Nd5 27. Bxg7
Kxg7 28. a3 Ra1 29. Nc3 Nb6 30. Ne4 Nd5 31. Rc5 Nf6 32. Rc7 Nxe4 33. fxe4 Rxa3
1/2-1/2

[Event "Plzen, FSB A"]
[Site "?"]
[Date "2004.??.??"]
[Round "3.50"]
[White "Sladek, J."]
[Black "Kriz, D."]
[Result "1/2-1/2"]
[WhiteElo "2042"]
[BlackElo "1732"]
[PlyCount "24"]
[EventDate "2004.??.??"]
[Source "ChessBase"]
[SourceDate "1996.11.15"]

1. e4 e5 2. Nf3 Nc6 3. Bc4 Nf6 4. Ng5 d5 5. exd5 Na5 6. Bb5+ Bd7 7. Qe2 Bd6 8.
Nc3 O-O 9. Bxd7 Qxd7 10. a3 b6 11. d3 Bc5 12. O-O Nxd5 1/2-1/2

[Event "Plzen, FSB A"]
[Site "?"]
[Date "2004.??.??"]
[Round "3.51"]
[White "Bonetti, C."]
[Black "Rakous, P."]
[Result "0-1"]
[WhiteElo "2032"]
[BlackElo "1716"]
[PlyCount "63"]
[EventDate "2004.??.??"]
[Source "ChessBase"]
[SourceDate "1996.11.15"]

1. c4 Nf6 2. g3 e5 3. Bg2 c6 4. d4 Bb4+ 5. Nc3 exd4 6. Qxd4 O-O 7. Bg5 Re8 8.
e3 c5 9. Qd3 Nc6 10. Nge2 Ne5 11. Qd1 Nxc4 12. O-O Nb6 13. Nd5 Nbxd5 14. Bxd5
Re5 15. Bh4 g5 16. Bxf7+ Kxf7 17. Qb3+ d5 18. f4 Rxe3 19. Qxe3 gxh4 20. f5 d4
21. Qf3 Qd5 22. Qf4 h3 23. Qc7+ Bd7 24. Nf4 Qc6 25. Qxc6 Bxc6 26. Nxh3 Bd2 27.
Rfd1 Be3+ 28. Kf1 Ng4 29. Ng1 Nxh2+ 30. Ke2 Bb5+ 31. Rd3 Bxd3+ 32. Kxd3 {
46 tahu} 0-1

[Event "Plzen, FSB A"]
[Site "?"]
[Date "2004.??.??"]
[Round "3.52"]
[White "Petera, L."]
[Black "Goldobin, T."]
[Result "1-0"]
[WhiteElo "1851"]
[BlackElo "2027"]
[PlyCount "87"]
[EventDate "2004.??.??"]
[Source "ChessBase"]
[SourceDate "1996.11.15"]

1. e4 e5 2. Nf3 Nc6 3. Bb5 a6 4. Ba4 Nf6 5. O-O b5 6. Bb3 Be7 7. Re1 d6 8. h3
O-O 9. c3 Na5 10. Bc2 c5 11. d4 cxd4 12. cxd4 exd4 13. Nxd4 Qc7 14. Nc3 Nc6 15.
Nxc6 Qxc6 16. Bf4 Be6 17. Rc1 Rae8 18. Bb1 Qb7 19. Bxd6 Rd8 20. e5 Bxd6 21.
exd6 Qb6 22. Qf3 Rxd6 23. Ne4 Nxe4 24. Qxe4 g6 25. Qf4 Rfd8 26. Rc2 Qa5 27.
Rce2 Rd1 28. b4 Qa3 29. Kh2 R1d4 30. Qf6 Qxb4 31. Rxe6 fxe6 32. Qxe6+ Kg7 33.
Qe5+ Kh6 34. Qe3+ Rf4 35. g3 Re8 36. Qxe8 Rxf2+ 37. Kh1 Qb2 38. Qe3+ Kg7 39.
Kg1 Rg2+ 40. Kf1 Rh2 41. Qe7+ Kg8 42. Qe8+ Kg7 43. Re7+ Kh6 44. Qf8+ 1-0

[Event "Plzen, FSB A"]
[Site "?"]
[Date "2004.??.??"]
[Round "3.53"]
[White "Woudstra, W."]
[Black "van Himbergen, H."]
[Result "0-1"]
[WhiteElo "1781"]
[BlackElo "1996"]
[PlyCount "102"]
[EventDate "2004.??.??"]
[Source "ChessBase"]
[SourceDate "1996.11.15"]

1. d4 d5 2. c4 e6 3. cxd5 exd5 4. Nf3 c6 5. Nc3 Bf5 6. g3 Nd7 7. Bg2 Ngf6 8.
O-O Bd6 9. Re1 O-O 10. Nh4 Bg6 11. Nxg6 hxg6 12. Bg5 Be7 13. Qd3 Re8 14. Rac1
Ne4 15. Bxe7 Qxe7 16. f3 Nxc3 17. Rxc3 Nb6 18. b3 a5 19. a4 Rad8 20. Kf2 g5 21.
Qd2 Qb4 22. Rc2 Qxd2 23. Rxd2 f6 24. Bh3 g6 25. Rc1 f5 26. Rc3 Kf7 27. Rdd3 Rh8
28. Bg2 Rxh2 29. Kg1 Rhh8 30. e4 Rhe8 31. e5 Nd7 32. f4 g4 33. Re3 Nf8 34. Re2
Ne6 35. Rd2 g5 36. fxg5 Kg6 37. b4 axb4 38. Rb3 Rd7 39. Rxb4 Ree7 40. Rb6 Kxg5
41. a5 Rc7 42. Kf2 f4 43. gxf4+ Nxf4 44. Rc2 c5 45. dxc5 Rxe5 46. a6 bxa6 47.
Rxa6 Nd3+ 48. Kg3 Re3+ 49. Kh2 Rh7+ 50. Kg1 Re1+ 51. Bf1 Rf7 0-1

[Event "Plzen, FSB A"]
[Site "?"]
[Date "2004.??.??"]
[Round "3.54"]
[White "Hava, P."]
[Black "Kovarik, J."]
[Result "1/2-1/2"]
[WhiteElo "1770"]
[BlackElo "1959"]
[PlyCount "49"]
[EventDate "2004.??.??"]
[Source "ChessBase"]
[SourceDate "1996.11.15"]

1. e4 g6 2. d4 Bg7 3. Be3 d6 4. Qd2 h5 5. Nc3 c6 6. f4 Nf6 7. Nf3 Bg4 8. Bd3
Qa5 9. O-O Nbd7 10. e5 Nd5 11. Nxd5 Qxd2 12. Nc7+ Kd8 13. Nxd2 Kxc7 14. Rae1
Bh6 15. exd6+ exd6 16. f5 Rae8 17. Bxh6 Rxe1 18. Rxe1 Rxh6 19. fxg6 fxg6 20.
Re7 h4 21. Ne4 Bf5 22. Nf6 Kd8 23. Re8+ Kc7 24. Re7 Kd8 25. Re8+ 1/2-1/2

[Event "Plzen, FSB A"]
[Site "?"]
[Date "2004.??.??"]
[Round "4.1"]
[White "Cvek, R."]
[Black "Novak, P."]
[Result "1-0"]
[WhiteElo "2461"]
[BlackElo "2323"]
[PlyCount "89"]
[EventDate "2004.??.??"]
[Source "ChessBase"]
[SourceDate "1996.11.15"]

1. c4 Nf6 2. Nc3 e5 3. Nf3 Nc6 4. d3 Bb4 5. Bd2 O-O 6. e3 Re8 7. Be2 Bxc3 8.
Bxc3 d5 9. cxd5 Nxd5 10. O-O Qd6 11. Rc1 Bg4 12. h3 Bh5 13. a3 a5 14. Qa4 f5
15. Rfd1 h6 16. Be1 Nce7 17. Qc2 c6 18. Rd2 Bf7 19. Qc5 Qf6 20. Nh2 b6 21. Qc2
c5 22. Qa4 Nc6 23. Bf3 Rac8 24. Rdc2 Qd6 25. Nf1 f4 26. Re2 fxe3 27. fxe3 Nf6
28. Bh4 Ne7 29. Bxf6 Qxf6 30. Nd2 Nf5 31. Bg4 Be6 32. Rf1 Qg6 33. Qe4 Ne7 34.
Bxe6+ Qxe6 35. Nc4 Ng6 36. a4 Qc6 37. Ref2 Rc7 38. g3 Qe6 39. h4 Rce7 40. Rf5
Nf8 41. Rxe5 Qxe5 42. Nxe5 Rxe5 43. Qc4+ Kh8 44. e4 Nd7 45. Rf7 1-0

[Event "Plzen, FSB A"]
[Site "?"]
[Date "2004.??.??"]
[Round "4.2"]
[White "Cifka, S."]
[Black "Gajewski, G."]
[Result "1/2-1/2"]
[WhiteElo "2302"]
[BlackElo "2439"]
[PlyCount "78"]
[EventDate "2004.??.??"]
[Source "ChessBase"]
[SourceDate "1996.11.15"]

1. e4 c5 2. Nf3 Nc6 3. Bb5 d6 4. O-O Bd7 5. Re1 a6 6. Bf1 Bg4 7. c3 e6 8. d3
Nf6 9. Nbd2 Be7 10. h3 Bh5 11. g4 Bg6 12. Bg2 Nd7 13. d4 O-O 14. d5 exd5 15.
exd5 Na7 16. Nf1 Nb5 17. Bf4 Nc7 18. Ng3 b5 19. Qd2 Nb6 20. Nh2 Bf6 21. Nhf1
Nc4 22. Qc1 b4 23. g5 Be5 24. cxb4 Bxf4 25. Qxc4 Qxg5 26. bxc5 Rab8 27. Ne4 Qh4
28. b4 f5 29. Nxd6 Nb5 30. Rac1 Nxd6 31. cxd6 Rxb4 32. Qxb4 Bh2+ 33. Nxh2 Qxb4
34. d7 Qd6 35. Nf3 Qxd7 36. Ne5 Qd6 37. Rf1 Qb4 38. Rcd1 Bh5 39. d6 Bxd1
1/2-1/2

[Event "Plzen, FSB A"]
[Site "?"]
[Date "2004.??.??"]
[Round "4.3"]
[White "Neuman, P."]
[Black "Petr, M."]
[Result "1/2-1/2"]
[WhiteElo "2428"]
[BlackElo "2307"]
[PlyCount "35"]
[EventDate "2004.??.??"]
[Source "ChessBase"]
[SourceDate "1996.11.15"]

1. d4 e6 2. c4 d5 3. Nc3 c6 4. e3 Nf6 5. Nf3 Nbd7 6. Bd3 dxc4 7. Bxc4 b5 8. Bd3
Bd6 9. O-O O-O 10. a4 b4 11. Ne4 Nxe4 12. Bxe4 Bb7 13. b3 Nf6 14. Bc2 c5 15.
Bb2 Qe7 16. Qe2 Ne4 17. Rac1 Rac8 18. Bd3 1/2-1/2

[Event "Plzen, FSB A"]
[Site "?"]
[Date "2004.??.??"]
[Round "4.4"]
[White "Rehorek, M."]
[Black "Zawadzki, S."]
[Result "1/2-1/2"]
[WhiteElo "2300"]
[BlackElo "2428"]
[PlyCount "56"]
[EventDate "2004.??.??"]
[Source "ChessBase"]
[SourceDate "1996.11.15"]

1. Nf3 d5 2. g3 Bg4 3. Bg2 Nd7 4. c4 c6 5. cxd5 cxd5 6. Qb3 Qc8 7. Nc3 e6 8. d3
a6 9. Bf4 Ne7 10. Rc1 Nc6 11. O-O Be7 12. e4 Nc5 13. Qd1 dxe4 14. Nxe4 Nxe4 15.
dxe4 O-O 16. h3 e5 17. Bxe5 Bxh3 18. Nd4 Bg4 19. Nxc6 bxc6 20. Qd4 c5 21. Qc3
f6 22. Bf4 Ra7 23. Rfe1 Be6 24. b3 a5 25. Be3 Rd8 26. e5 f5 27. a3 Ra6 28. Bxc5
Bxc5 1/2-1/2

[Event "Plzen, FSB A"]
[Site "?"]
[Date "2004.??.??"]
[Round "4.5"]
[White "Berescu, A."]
[Black "Studnicka, T."]
[Result "1-0"]
[WhiteElo "2404"]
[BlackElo "2302"]
[PlyCount "79"]
[EventDate "2004.??.??"]
[Source "ChessBase"]
[SourceDate "1996.11.15"]

1. e4 e5 2. Nf3 Nf6 3. d4 Nxe4 4. Bd3 d5 5. Nxe5 Nd7 6. Nxd7 Bxd7 7. O-O Bd6 8.
c4 c6 9. cxd5 cxd5 10. Nc3 Nxc3 11. bxc3 O-O 12. Qh5 g6 13. Qxd5 Qc7 14. Qf3
Rfe8 15. c4 Bxh2+ 16. Kh1 Bd6 17. c5 Bf8 18. Be4 Bc6 19. d5 Bb5 20. d6 Qxc5 21.
Bd5 Bg7 22. Ba3 Qd4 23. Bxf7+ Kh8 24. Bxe8 Bxf1 25. Rxf1 Rxe8 26. Rd1 Qa4 27.
d7 Rd8 28. Qd3 Bf6 29. Qd6 Kg7 30. Rd3 Qb5 31. Bc5 Qc6 32. Qxc6 bxc6 33. Bb4
Rb8 34. Bc3 Bxc3 35. d8=Q Rxd8 36. Rxd8 c5 37. Rd7+ Kf6 38. Rxa7 Bd4 39. Kg1 c4
40. Ra4 1-0

[Event "Plzen, FSB A"]
[Site "?"]
[Date "2004.??.??"]
[Round "4.6"]
[White "Zeleny, T."]
[Black "Jurek, J."]
[Result "1-0"]
[WhiteElo "2254"]
[BlackElo "2387"]
[PlyCount "149"]
[EventDate "2004.??.??"]
[Source "ChessBase"]
[SourceDate "1996.11.15"]

1. e4 e6 2. d4 d5 3. Nc3 Bb4 4. e5 b6 5. Qg4 Bf8 6. Bg5 Qd7 7. f4 Ba6 8. Bxa6
Nxa6 9. Nf3 f5 10. exf6 gxf6 11. Bh4 O-O-O 12. O-O c6 13. Rae1 Nc7 14. Ne2 Nh6
15. Qh5 Qg7 16. Ng3 Bd6 17. f5 Bxg3 18. Bxg3 exf5 19. Bf4 Rhg8 20. g3 Nf7 21.
Re7 Rd7 22. Qxf5 Rgd8 23. Nh4 Nb5 24. c3 Qf8 25. Rfe1 Nfd6 26. Qxh7 Ne4 27. Ng6
Qe8 28. a4 Nc7 29. Rxe8 Rxh7 30. Ne7+ Kd7 31. Rxd8+ Kxd8 32. Nxc6+ Kd7 33. Nxa7
Ne6 34. Bc1 Nc7 35. c4 f5 36. b3 Na6 37. Nb5 Nb4 38. Ba3 Nd3 39. Re3 Ndf2 40.
Rf3 f4 41. Rxf2 Nxf2 42. Kxf2 Rxh2+ 43. Kf3 dxc4 44. bxc4 fxg3 45. Kxg3 Rc2 46.
c5 bxc5 47. Bxc5 Rc4 48. a5 Kc6 49. Na7+ Kb7 50. Kf4 Ka6 51. Nc6 Kb5 52. Ne5
Ra4 53. Bb6 Rxd4+ 54. Bxd4 Kxa5 55. Ke4 Ka6 56. Kd5 Kb7 57. Kd6 Ka8 58. Kc6 Kb8
59. Bb6 Ka8 60. Nf7 Kb8 61. Nd6 Ka8 62. Ne8 Kb8 63. Nc7 Kc8 64. Ba7 Kd8 65. Nd5
Ke8 66. Kd6 Kf7 67. Ne7 Kf6 68. Be3 Kf7 69. Bg5 Ke8 70. Ke6 Kd8 71. Bf4 Ke8 72.
Bc7 Kf8 73. Nf5 Ke8 74. Ng7+ Kf8 75. Kf6 1-0

[Event "Plzen, FSB A"]
[Site "?"]
[Date "2004.??.??"]
[Round "4.7"]
[White "Cernousek, L."]
[Black "Zawadzka, J."]
[Result "0-1"]
[WhiteElo "2378"]
[BlackElo "2272"]
[PlyCount "96"]
[EventDate "2004.??.??"]
[Source "ChessBase"]
[SourceDate "1996.11.15"]

1. e4 e5 2. Nf3 Nc6 3. d4 exd4 4. Nxd4 Bc5 5. Nxc6 Qf6 6. Qd2 dxc6 7. Nc3 Qe7
8. Qg5 Nf6 9. Be3 Bxe3 10. Qxe3 O-O 11. O-O-O Ng4 12. Qg3 Qc5 13. Rd2 f5 14. f4
fxe4 15. Nxe4 Qb4 16. Qb3+ Qxb3 17. axb3 Bf5 18. Bc4+ Kh8 19. Ng5 h6 20. Ne6
Rf6 21. Nd4 Bh7 22. g3 Rd8 23. Re1 Rfd6 24. Nf3 Rxd2 25. Nxd2 Nxh2 26. Re7 Bf5
27. b4 Rd7 28. Re2 Ng4 29. Re8+ Kh7 30. Bg8+ Kg6 31. Nf3 Kh5 32. Bc4 Rd6 33.
Be2 Re6 34. Rxe6 Bxe6 35. Ne5 Bf5 36. Kd2 g5 37. Nxg4 Bxg4 38. f5 Bxe2 39. Kxe2
g4 40. Ke3 Kg5 41. Ke4 Kf6 42. Kf4 h5 43. c4 a6 44. c5 b6 45. b3 b5 46. Ke4 Kf7
47. Ke5 h4 48. Kf4 h3 0-1

[Event "Plzen, FSB A"]
[Site "?"]
[Date "2004.??.??"]
[Round "4.8"]
[White "Hagarova, Z."]
[Black "Folk, P."]
[Result "1-0"]
[WhiteElo "2330"]
[BlackElo "2245"]
[PlyCount "81"]
[EventDate "2004.??.??"]
[Source "ChessBase"]
[SourceDate "1996.11.15"]

1. e4 e5 2. Nf3 Nc6 3. Bb5 Nf6 4. O-O Nxe4 5. d4 Nd6 6. Bxc6 dxc6 7. dxe5 Nf5
8. Qxd8+ Kxd8 9. Rd1+ Ke8 10. Nc3 h6 11. b3 a5 12. Bb2 Be6 13. h3 Ne7 14. Nd4
Ng6 15. a4 Nf4 16. Nxe6 fxe6 17. Rd4 Nd5 18. Ne4 Be7 19. Rad1 b6 20. g3 Rd8 21.
c4 Nb4 22. Rxd8+ Bxd8 23. f4 Rf8 24. Kg2 Be7 25. Kf3 Na6 26. g4 Nc5 27. Nxc5
Bxc5 28. Ke4 g6 29. Bc3 h5 30. gxh5 gxh5 31. Be1 Rg8 32. Bh4 Be7 33. Bg5 Rg7
34. h4 Rg8 35. Rd3 Rg7 36. Rg3 Bb4 37. f5 exf5+ 38. Kxf5 Bd2 39. e6 Rg8 40. Rd3
Rf8+ 41. Bf6 1-0

[Event "Plzen, FSB A"]
[Site "?"]
[Date "2004.??.??"]
[Round "4.10"]
[White "Fiala, R."]
[Black "Wiesinger, R."]
[Result "1-0"]
[WhiteElo "2324"]
[BlackElo "2265"]
[PlyCount "61"]
[EventDate "2004.??.??"]
[Source "ChessBase"]
[SourceDate "1996.11.15"]

1. e4 e5 2. Bc4 Nf6 3. Qe2 Nc6 4. Nf3 Bc5 5. c3 d6 6. Bb3 O-O 7. d3 a6 8. Bg5
Re8 9. Nbd2 Be6 10. Nc4 Bxc4 11. dxc4 Nb8 12. Ba4 c6 13. b4 Bb6 14. Rd1 h6 15.
Bc1 a5 16. Bb3 axb4 17. cxb4 c5 18. b5 Ba5+ 19. Kf1 Re6 20. Rd3 Ne8 21. g3 Nd7
22. Nh4 Nf8 23. Nf5 Rg6 24. f4 Qc7 25. Ne3 exf4 26. gxf4 Nf6 27. f5 Rg5 28. Nd5
Nxd5 29. Rxd5 Qe7 30. Bf4 Rg4 31. Qxg4 1-0

[Event "Plzen, FSB A"]
[Site "?"]
[Date "2004.??.??"]
[Round "4.11"]
[White "Sikora-Lerch, J."]
[Black "Simunek, A."]
[Result "1-0"]
[WhiteElo "2320"]
[BlackElo "2200"]
[PlyCount "50"]
[EventDate "2004.??.??"]
[Source "ChessBase"]
[SourceDate "1996.11.15"]

1. g3 Nf6 2. Bg2 d5 3. Nf3 e6 4. c4 c6 5. b3 Be7 6. Bb2 Nbd7 7. O-O O-O 8. d4
b6 9. Ne1 Bb7 10. Nc3 Rc8 11. Nd3 Qc7 12. e4 dxe4 13. Nxe4 Nxe4 14. Bxe4 Bf6
15. Qe2 c5 16. Bxb7 Qxb7 17. dxc5 Bxb2 18. Qxb2 Nxc5 19. Nxc5 Rxc5 20. Rad1 b5
21. Qd4 Qc7 22. cxb5 Rxb5 23. Qd7 Rb7 24. Qa4 Rd8 25. Rd4 Rxd4 1-0

[Event "Plzen, FSB A"]
[Site "?"]
[Date "2004.??.??"]
[Round "4.12"]
[White "Grunberg, M."]
[Black "Vrchotka, J."]
[Result "1-0"]
[WhiteElo "2403"]
[BlackElo "2103"]
[PlyCount "40"]
[EventDate "2004.??.??"]
[Source "ChessBase"]
[SourceDate "1996.11.15"]

1. Nf3 f5 2. d3 Nf6 3. e4 d6 4. exf5 Bxf5 5. d4 Nbd7 6. Bd3 Be6 7. O-O Bg8 8.
Re1 c6 9. c4 Qc7 10. Nc3 O-O-O 11. Be3 Kb8 12. d5 g6 13. b4 Re8 14. Nd4 Ne5 15.
Be2 Ned7 16. dxc6 bxc6 17. Qa4 Nb6 18. Nxc6+ Ka8 19. Bxb6 Qxb6 20. c5 Qb7 1-0